Gerakan
| Main Author: | |
|---|---|
| Format: | Book |
| Published: |
Kuala Lumpur :
Utusan Publications & DistributorsSdn.Bhd. ,
1994
|
| Series: | Siri Kemahiran Sains
|
| Subjects: |
MARC
| LEADER | 00000cam a2200000 7i4500 | ||
|---|---|---|---|
| 001 | 0000004178 | ||
| 002 | 000004494 | ||
| 005 | 20060207.0 | ||
| 020 | |a 9676104434 | ||
| 090 | 0 | 0 | |a 507 |b WAL |
| 100 | 1 | |a Walpole, Brenda | |
| 245 | 1 | 0 | |a Gerakan |c Brenda Walpole |
| 260 | |a Kuala Lumpur : |b Utusan Publications & DistributorsSdn.Bhd. , |c 1994 | ||
| 300 | |a 40p. : |b ill ; |c 26cm. | ||
| 490 | 0 | |a Siri Kemahiran Sains | |
| 650 | 0 | 0 | |a Movements |x Juvenile literature |
| 999 | |a 037323 |b BUKU |c JUNIOR BOOKS |e PERPUSTAKAAN KOMUNITI CAW KOTA DAMANSARA | ||